| 000 | 01702cam a22004457a 4500 | ||
|---|---|---|---|
| 001 | 17152912 | ||
| 003 | Nust- CAS-E | ||
| 005 | 20180118181409.0 | ||
| 008 | 120207s2011 njua b 101 0 eng d | ||
| 010 | _a 2012359004 | ||
| 016 | 7 |
_a015786336 _2Uk |
|
| 020 | _a9781118029459 (v. 1) | ||
| 020 | _a1118029453 (v. 1) | ||
| 020 | _a9781118029466 (v. 2) | ||
| 020 | _a1118029461 (v. 2) | ||
| 020 | _a9781118029473 (v. 3) | ||
| 020 | _a111802947X (v. 3) | ||
| 035 | _a(OCoLC)ocn741364891 | ||
| 040 |
_aMYG _cMYG _dUKMGB _dNLE _dDLC |
||
| 042 | _alccopycat | ||
| 050 | 0 | 0 |
_aTA401.3 _b.M56 2011 |
| 082 | 0 | 4 |
_a620.11 _222 _bTMS 2011 |
| 110 | 2 |
_aMinerals, Metals and Materials Society. _bAnnual Meeting _n(140th : _d2011 : _cSan Diego, Calif.) |
|
| 245 | 1 | 0 |
_aTMS 2011 140th annual meeting & exhibition : _bsupplemental proceedings. |
| 246 | 3 | _aTMS 2011 140th annual meeting and exhibition | |
| 246 | 3 | _aTMS 2011 | |
| 246 | 3 | 8 | _aAnnual meeting supplemental proceedings |
| 260 |
_aHoboken, N.J. : _bWiley, _cc2011. |
||
| 300 |
_a3 v. : _bill. ; _c23 cm. |
||
| 502 | _a0 | ||
| 504 | _aIncludes bibliographical references and indexes. | ||
| 505 | 0 | _av. 1. Materials processing and energy materials -- v. 2. Materials fabrication, properties, characterization, and modeling -- v. 3. General paper selections. | |
| 650 | 0 |
_aMaterials _vCongresses. |
|
| 650 | 0 |
_aMetals _vCongresses. |
|
| 650 | 0 |
_aMaterials science _vCongresses. |
|
| 710 | 2 | _aMinerals, Metals and Materials Society. | |
| 906 |
_a7 _bcbc _ccopycat _d2 _encip _f20 _gy-gencatlg |
||
| 942 |
_2ddc _cBK |
||
| 999 |
_c355663 _d355663 |
||